02059nam a22003377i 4500001000800000003001000008007000500018008004100023040003500064041000800099043000700107084000700114100004000121245005600161264001100217300004500228336002700273337003300300338002800333504004200361520091700403650003101320650003001351650002901381650002801410773007501438942000901513952017601522999001701698999000601715B-12609CO-BoFNCPt|| 090929s2008 my a f z eng d aCO-BoFNCPbspacCO-BoFNCPerda aeng amy aA-1 aHensen, Ian E.941384,eautor.4aut14aThe carbon cost of palm oil production in Malaysia. 4c©2008 apáginas 445-464 :bTablas, gráficos. atextobtxt2rdacontent asin mediaciónbn2rdamedia avolumenbnc2rdacarrier aIncluye referencias bibliográficas. aAgriculture, in common with other industries, is increasingly being required to account for its contribution to greenhouse gas (GHG) emissions, which are driving global warming, and climate change. In Malaysia, the dominant presence of oil palm, which now occupies some 13 percent of the total land area (18% in the Peninsular; 2006 figures), justifies particular attention. This paper summarises the results of a recent study, which evaluates the balance between sequestration and emission of GHG resulting from oil palm cultivation, associated land use change, and processing of products in the palm oil mill. The study, which covers the 25 years from 1981 to 2005, quantifies the major sinks and sources of C and evaluates the C balance, using a number of alternative options and assumptions. The main results are outlined here and probable future developments, likely to impact on the balance, are evaluated. 0acaptura de carbono936678. 0aEfecto invernadero.99002 0aUso de la tierra931087. 0aPalma de aceite937678.0 aThe Planter (Malasia)gv. 84, no. 988 (2008), p.445-464wA-x0126-575x 2zc1 00102z4070a2b2d2013-10-21hThe Planter (Malasia). v. 84, no. 988 (2008), p.445-464. ST-A-, ISSN: 0126-575xl0oA-pR-12609r2013-10-21 00:00:00tEj. 1w2013-10-21y1 c26581d26581 z1